Aménagement à buts multiples du cours de la Vltava : (cascade sur la Vltava) /

Hlavní autor: Chlum, Antonín, 1910-1987
Jazyk: Francouzština
Vydáno: Prague : Direction de développement de l'économie des eaux, 1962
Fyzický popis: 103 s., příl. : il., mapa ; 8°
Knihy
Uloženo v:
LEADER 00976nam a22002652a 4500
001 001379827
003 CZ BrMZK
005 20140409143538.0
007 ta
008 140409s1962 xr abf er|||||||||||fre d
015 |a cnb000689365 
035 |a (OCoLC)85470064 
040 |a ABA001  |b cze  |c LIA001  |d ABA001  |d BOA001 
041 1 |a fre  |h cze 
080 9 |a 627.8(282.443.31)=4 
100 1 |a Chlum, Antonín,  |d 1910-1987  |7 jk01050184  |4 aut 
245 1 0 |a Aménagement à buts multiples du cours de la Vltava :  |b (cascade sur la Vltava) /  |c Antonín Chlum ; traduit par Josef Plíštil 
260 |a Prague :  |b Direction de développement de l'économie des eaux,  |c 1962 
300 |a 103 s., příl. :  |b il., mapa ;  |c 8° 
500 |a Přeloženo z češtiny 
765 0 |t Vodohospodářská výstavba na Vltavě  |9 Francouzsky 
910 |a BOA001  |b 2-0483.744 
990 |a BK 
991 |b 201403 
996 6 |b 2619060548  |c 2-0483.744  |l MZK  |r Sklad / do 24 hodin  |n 0  |w 001414843  |u 000010  |a 1  |e BOA001  |j MZK50  |s P